L'essenza della religione /

Uloženo v:
Podrobná bibliografie
Hlavní autor: Feuerbach, Ludwig (Autor)
Další autoři: Andolfi, Ferruccio
Médium: Kniha
Jazyk:italština
Vydáno: Roma : Newton, 1994
Edice:Tascabili economici Newton ; 158
Tagy: Přidat tag
Žádné tagy, Buďte první, kdo vytvoří štítek k tomuto záznamu!

MARC

LEADER 00000nam a22000007i 4500
001 IT\ICCU\TO0\1017041
003 ItRI
005 20260115231936.0
008 030114s1994 it |||||| ||||| |||||c
020 |a 8879834959 
040 |b ita  |c importazione bologna sebina 
041 7 |a ita  |2 ISO-639-2 
100 1 |a Feuerbach, Ludwig  |0 IT\ICCU\CFIV\027506  |4 aut 
240 1 4 |a Das Wesen der Religion  |3 IT\ICCU\SBL\0020106  |9 Feuerbach, Ludwig 
245 1 2 |a L'essenza della religione /  |c Ludwig Andreas Feuerbach ; a cura di Ferruccio Andolfi. 
260 |a Roma :  |b Newton,  |c 1994 
300 |a 89 p. ;  |c 20 cm 
500 |a Curatore  |0 IT\ICCU\CFIV\078116 
700 1 |a Andolfi, Ferruccio  |0 IT\ICCU\CFIV\078116 
790 1 |a Feuerbach, Ludwig Andreas  |3 IT\ICCU\CFIV\027508  |z Feuerbach, Ludwig 
830 0 |a Tascabili economici Newton ;  |v 158  |0 IT\ICCU\RAV\0196185 
942 |2 ddc  |c BK  |n 0 
952 |0 0  |1 0  |4 0  |6 DOC_200_100000000000000_FEU  |7 0  |9 17310  |a BO  |b BO  |d 2026-01-15  |i 10102  |l 0  |o DOC 200.1 FEU  |p BO10102  |r 2026-01-15 23:19:36  |w 2026-01-15  |x [Sebina 5] [1 v.]  |y BK  |z 1 v. 
999 |c 14780  |d 14780